Prečo nedôvera voči kresťanským cirkvám?

Bibliographic Details
Main Author: Palkovič, Štefan (Author)
Format: Article
Language:Slovak
Subjects:

MARC

LEADER 00000nab a2200000 a 4500
001 vtls000487839
003 SK-MaSNL
005 20260303004246.0
008 120927c1993 xo 0 slo
015 |a SNBRB19rr/mm-uuuuu 
035 |a CL0487976 
040 |a SNKBUCL  |b slo  |c SNKBUCL  |e AACR2 
041 0 |a slo 
044 |a xo  |c SK 
080 |a 26/28  |2 1981 
100 1 |a Palkovič, Štefan  |4 aut  |9 729250 
245 1 0 |a Prečo nedôvera voči kresťanským cirkvám?  |c Štefan Palkovič 
650 0 7 |a kresťanské cirkvi  |2 snkbucl  |9 1923 
655 7 |a články z novín a časopisov  |2 snkbucl  |9 267496 
773 0 |t Bratislavské listy  |g Roč. 6, č. 6 (1993), s. 13 
850 |a Slovenská národná knižnica v Martine  |a MTA001 
852 |a SNK  |b KIS3GCP 
958 |a RK 
992 |a RBX 
999 |c 1576822  |d 1578752